000 00695nam0a22002411 4500
001 rc\270716
005 20250621004154.0
035 _a(NLR Aleph) 005481151
090 _a5123691
_c5123691
100 _a20030307d1990 |||y0rusy50 ca
101 0 _arus
102 _aRU
105 _ay |||||||||
200 1 _aСколько стоит Валерий Леонтьев?
210 _aМ.
_cСов. композитор
_dБ. г. (1990)
215 _a48 с.
_d22
600 1 _aЛеонтьев
_bВ.Я.
_gВалерий Яковлевич
_2psbo
700 1 _aЮриков
_bА.П.
801 0 _aRU
_bNLR
_gpsbo
801 1 _aRU
_bELAR
_2rusmarc
852 _aNLR
_j90-6/3715
942 _cBOOK
980 _aNB